পল্লী-সমাজ / (Record no. 935)
[ view plain ]
| 000 -LEADER | |
|---|---|
| fixed length control field | 00692nam a2200229 a 4500 |
| 001 - CONTROL NUMBER | |
| JCCL Control Number | 935 |
| 003 - CONTROL NUMBER IDENTIFIER | |
| JCCL marc code | BD-JhCC |
| 005 - DATE AND TIME OF LATEST TRANSACTION | |
| control field | 20190301134006.0 |
| 008 - FIXED-LENGTH DATA ELEMENTS--GENERAL INFORMATION | |
| fixed length control field | 171011s1996 bg ||||| |||| 00| 0 b d |
| 020 ## - INTERNATIONAL STANDARD BOOK NUMBER | |
| International Standard Book Number | 9844150477 |
| 035 ## - SYSTEM CONTROL NUMBER | |
| system control number | (BD-JhCC)935 |
| 040 ## - CATALOGING SOURCE | |
| Original cataloging agency | BD-JhCC |
| Modifying agency | BD-JhCC |
| 041 ## - LANGUAGE CODE | |
| Language code of Book | eng |
| 082 ## - DEWEY DECIMAL CLASSIFICATION NUMBER | |
| DDC Edition number | 23 |
| Classification number | 891.443 |
| Author mark and Year | CHA 1996 |
| 100 ## - MAIN ENTRY--PERSONAL NAME | |
| Personal name | চট্টোপাধ্যায়, শরৎচন্দ্র |
| 245 ## - TITLE STATEMENT | |
| Title | পল্লী-সমাজ / |
| Statement of responsibility, etc | শরৎচন্দ্র চট্টোপাধ্যায় |
| 260 ## - PUBLICATION, DISTRIBUTION, ETC. (IMPRINT) | |
| Place of publication, distribution, etc | ঢাকা : |
| Name of publisher, distributor, etc | অবসর, |
| Date of publication, distribution, etc | ১৯৯৬ |
| 300 ## - PHYSICAL DESCRIPTION | |
| Pagination | 96 p. : |
| Dimensions | 22cm. |
| 650 ## - SUBJECT ADDED ENTRY--TOPICAL TERM | |
| Topical term or geographic name as entry element | Bangali Novel |
| 942 ## - ADDED ENTRY ELEMENTS (KOHA) | |
| Source of classification or shelving scheme | Dewey Decimal Classification |
| Koha item type | Books |
| Koha issues (borrowed), all copies | 2 |
| Source of classification or shelving scheme | Damaged status | Not for loan | Home library | Current library | Shelving location | Date of accession | Cost, normal purchase price | Total Checkouts | Full call number | Barcode | Date last seen | Date checked out | Copy number | Koha item type |
|---|---|---|---|---|---|---|---|---|---|---|---|---|---|---|
| Dewey Decimal Classification | JCC Rouf Library | JCC Rouf Library | General Stacks | 10/11/2017 | 45.00 | 4 | 891.443 CHA 1996 | 1921 | 10/23/2024 | 09/28/2024 | C-1 | Books | ||
| Dewey Decimal Classification | JCC Rouf Library | JCC Rouf Library | General Stacks | 11/12/2017 | 3.00 | 891.443 CHA 1996 | 4340 | 11/12/2017 | C-2 | Books |